[Event "35. Potsdamer Weihnachtsturnier"]
[Site "?"]
[Date "2010.12.29"]
[Round "5.27"]
[White "Bieg, Pascal"]
[Black "Perestjuk, Marko"]
[Result "1-0"]
[WhiteElo "1667"]
[BlackElo "1944"]
[PlyCount "107"]
[EventDate "2010.??.??"]
[WhiteTeam "SV Königsjäger Süd-West e.V."]
[BlackTeam "SC Zitadelle Spandau 1977 e.V."]

1. d4 d5 2. c4 e6 3. Nc3 c6 4. e3 Bd6 5. Nf3 f5 6. Be2 Nf6 7. Qc2 O-O 8. O-O
Ne4 9. Ne5 Nd7 10. f4 Rf6 11. Bd2 Rh6 12. Be1 Ndf6 13. c5 Bc7 14. b4 Nxc3 15.
Qxc3 Ne4 16. Qc2 Bxe5 17. dxe5 Bd7 18. Bf3 Kh8 19. Bxe4 fxe4 20. a4 Qe7 21. Qb3
a6 22. b5 Qxc5 23. bxa6 bxa6 24. Qb7 Qa7 25. Rb1 Qxb7 26. Rxb7 Be8 27. Bb4 c5
28. Bxc5 Bxa4 29. Ra1 Be8 30. Ra5 Rg6 31. Rb6 h5 32. Rbxa6 Rxa6 33. Rxa6 Kh7
34. Be7 Bd7 35. Bg5 Bb5 36. Ra8 Bc4 37. Rb8 Ba6 38. Kf2 Bc4 39. Rd8 Bb5 40. Ke1
Bc4 41. Rb8 Bd3 42. Kf2 Bc2 43. Kg3 Bd3 44. Rb4 Be2 45. Rb2 Bd1 46. Rd2 Ba4 47.
Kh4 Be8 48. Rb2 Ba4 49. Kxh5 Bd1+ 50. Kh4 Ba4 51. Rb4 Bd1 52. g4 Be2 53. Kg3
Bf3 54. h4 1-0

[Event "35. Potsdamer Weihnachtsturnier"]
[Site "?"]
[Date "2010.12.29"]
[Round "5.29"]
[White "Petrykowski, Reinhardt"]
[Black "Schrodt, Horst"]
[Result "1/2-1/2"]
[WhiteElo "1913"]
[BlackElo "1699"]
[PlyCount "43"]
[EventDate "2010.??.??"]
[WhiteTeam "SC Caissa Falkensee e.V."]
[BlackTeam "SC Eintracht Berlin e.V."]

1. Nf3 c6 2. e4 d5 3. e5 Bf5 4. d4 e6 5. Bd3 Bxd3 6. Qxd3 Qa5+ 7. Nbd2 c5 8.
dxc5 Bxc5 9. O-O Nd7 10. Nb3 Qc7 11. Nxc5 Nxc5 12. Qe2 Ne7 13. Nd4 a6 14. f4
Nc6 15. Be3 Nxd4 16. Bxd4 Rc8 17. c3 Ne4 18. Qe3 b5 19. Rac1 O-O 20. a3 Qc4 21.
Rfe1 Qb3 22. Qe2 1/2-1/2

[Event "35. Potsdamer Weihnachtsturnier"]
[Site "?"]
[Date "2010.12.29"]
[Round "5.30"]
[White "Calamar, George"]
[Black "Sonntag, Sven"]
[Result "1/2-1/2"]
[WhiteElo "1489"]
[BlackElo "1909"]
[PlyCount "49"]
[EventDate "2010.??.??"]
[WhiteTeam "ohne Verein"]
[BlackTeam "SK Dessau 93 e. V."]

1. c4 e5 2. Nc3 Nf6 3. g3 d5 4. cxd5 Nxd5 5. Bg2 Nxc3 6. bxc3 Bd6 7. e3 O-O 8.
Ne2 Nd7 9. O-O Nf6 10. Qc2 c6 11. d4 Qa5 12. a4 Bg4 13. f3 Bh5 14. Ba3 Rad8 15.
Bxd6 Rxd6 16. e4 Rfd8 17. Rfd1 g5 18. Rab1 b6 19. Kh1 h6 20. dxe5 Qxe5 21. f4
Qc5 22. Rxd6 Rxd6 23. e5 Ng4 24. exd6 Nf2+ 25. Kg1 1/2-1/2

[Event "35. Potsdamer Weihnachtsturnier"]
[Site "?"]
[Date "2010.12.29"]
[Round "5.31"]
[White "Scholz, Ralf-Dieter"]
[Black "Schmidt, Konrad"]
[Result "1/2-1/2"]
[WhiteElo "1898"]
[BlackElo "1478"]
[PlyCount "81"]
[EventDate "2010.??.??"]
[WhiteTeam "USV Potsdam e.V., Abt. Schach"]
[BlackTeam "USV TU Dresden"]

1. Nf3 c5 2. g3 d6 3. Bg2 g6 4. O-O Bg7 5. c3 Nf6 6. d3 O-O 7. Na3 Nc6 8. Re1
Rb8 9. e4 b5 10. Nc2 Bb7 11. a3 Ne5 12. Nxe5 dxe5 13. f3 Qc7 14. Be3 a6 15. Qe2
Rfd8 16. Bf1 Rd6 17. Qf2 Rc6 18. Red1 Bc8 19. Rac1 Be6 20. Na1 Qc8 21. g4 Nd7
22. Rd2 Nb6 23. Nc2 Na4 24. Ne1 c4 25. Qh4 f6 26. d4 exd4 27. Bxd4 g5 28. Qf2
Nc5 29. Bxc5 Rxc5 30. Rcd1 Rc7 31. Nc2 Rd7 32. Nd4 Rd6 33. Qg3 Qc5 34. Kh1 Qe5
35. Qf2 Bd7 36. h4 Qf4 37. Be2 Bxg4 38. Kg2 e5 39. Ne6 Rxe6 40. fxg4 Qxf2+ 41.
Kxf2 1/2-1/2

[Event "35. Potsdamer Weihnachtsturnier"]
[Site "?"]
[Date "2010.12.29"]
[Round "5.32"]
[White "Binder, Thomas"]
[Black "Heinrich, Daniela"]
[Result "1-0"]
[WhiteElo "1885"]
[BlackElo "1476"]
[PlyCount "103"]
[EventDate "2010.??.??"]
[WhiteTeam "SF Siemensstadt"]
[BlackTeam "Schachverein Briesen e.V."]

1. e4 c5 2. d4 cxd4 3. c3 dxc3 4. Nxc3 Nc6 5. Nf3 d6 6. Bc4 Bg4 7. Bxf7+ Kd7 8.
e5 Qa5 9. e6+ Kc7 10. O-O Nf6 11. Qd3 Rc8 12. Bd2 Qf5 13. Nb5+ Kb8 14. Qxf5
Bxf5 15. Nbd4 Be4 16. Rac1 g6 17. Bc3 Nd8 18. Ng5 Bd5 19. Rfe1 h6 20. Ngf3 Nxf7
21. exf7 e5 22. Nb3 Bxf7 23. Nxe5 Bxb3 24. Nxg6 Rg8 25. Nf4 Nd5 26. Bd2 Rxc1
27. Bxc1 Nxf4 28. axb3 Rxg2+ 29. Kf1 Kc7 30. Bxf4 Rg6 31. Re8 Bg7 32. Rg8 h5
33. Be3 a5 34. Bd4 Bxd4 35. Rxg6 Bxb2 36. Rg5 Bd4 37. Rxh5 b5 38. Ke2 a4 39.
bxa4 bxa4 40. Rh3 Bb2 41. Rh4 a3 42. Ra4 Kc6 43. Kd3 d5 44. h4 Kb5 45. Ra8 Kb4
46. Kc2 Bf6 47. h5 Bg5 48. Ra6 Bf4 49. h6 Be5 50. h7 d4 51. Ra8 d3+ 52. Kxd3
1-0

[Event "35. Potsdamer Weihnachtsturnier"]
[Site "?"]
[Date "2010.12.29"]
[Round "5.33"]
[White "Engers, Felix"]
[Black "Eichstaedt, Mirko"]
[Result "0-1"]
[WhiteElo "1330"]
[BlackElo "1855"]
[PlyCount "82"]
[EventDate "2010.??.??"]
[WhiteTeam "SC Zitadelle Spandau 1977 e.V."]
[BlackTeam "USV Potsdam e.V., Abt. Schach"]

1. c4 Nf6 2. Nc3 c5 3. g3 g6 4. Bg2 Bg7 5. d3 O-O 6. Nf3 d5 7. Bd2 Nc6 8. O-O
Re8 9. a3 dxc4 10. dxc4 e5 11. e4 b6 12. Qc2 Bb7 13. Bg5 h6 14. Rad1 Nd4 15.
Nxd4 exd4 16. Bxf6 Bxf6 17. Nd5 Rb8 18. f4 Bc6 19. e5 Bg7 20. Nf6+ Bxf6 21.
Bxc6 Bg7 22. Bxe8 Qxe8 23. b4 Qe6 24. Rde1 Rd8 25. f5 gxf5 26. Qxf5 Qxc4 27. e6
fxe6 28. Qf7+ Kh8 29. Rxe6 Qc3 30. Rfe1 Rf8 31. Qh5 d3 32. Rxh6+ Bxh6 33. Qxh6+
Kg8 34. Re4 Qa1+ 35. Kg2 Qb2+ 36. Kh3 Qh8 37. Rg4+ Kf7 38. Rf4+ Ke7 39. Qxh8
Rxh8+ 40. Kg2 d2 41. Rf1 c4 0-1

[Event "35. Potsdamer Weihnachtsturnier"]
[Site "?"]
[Date "2010.12.29"]
[Round "5.34"]
[White "Mix, Thomas"]
[Black "Heinrich, Philipp"]
[Result "1/2-1/2"]
[WhiteElo "2033"]
[BlackElo "1662"]
[PlyCount "38"]
[EventDate "2010.??.??"]
[WhiteTeam "SF Brannenburg"]
[BlackTeam "Schachverein Briesen e.V."]

1. e4 e6 2. d4 d5 3. e5 c5 4. c3 Qb6 5. Nf3 Nc6 6. a3 Bd7 7. b4 c4 8. g3 Nge7
9. Bh3 a5 10. bxa5 Rxa5 11. Nbd2 Ng6 12. O-O Qa6 13. Nb1 Be7 14. Re1 O-O 15.
Qc2 Ra8 16. Ng5 h6 17. Nxe6 Ncxe5 18. dxe5 Bxe6 19. Bxe6 Qxe6 1/2-1/2

[Event "35. Potsdamer Weihnachtsturnier"]
[Site "?"]
[Date "2010.12.29"]
[Round "5.35"]
[White "Steppan, Siegfried"]
[Black "Koenig, Frank"]
[Result "1/2-1/2"]
[WhiteElo "1604"]
[BlackElo "1985"]
[PlyCount "130"]
[EventDate "2010.??.??"]
[WhiteTeam "SV Werder/H."]
[BlackTeam "BSG 1827 Eckbauer e.V."]

1. d4 Nf6 2. c4 g6 3. Nc3 Bg7 4. e4 d6 5. h3 O-O 6. Bg5 h6 7. Be3 Nbd7 8. Qd2
Kh7 9. Nf3 e5 10. d5 Nc5 11. Qc2 a5 12. Be2 Ne8 13. Bxc5 dxc5 14. g4 Nd6 15.
O-O-O Qf6 16. Qd2 Nxc4 17. Ng5+ hxg5 18. Bxc4 Qf4 19. Qxf4 exf4 20. f3 Be5 21.
h4 Kg7 22. hxg5 Rh8 23. Rxh8 Kxh8 24. Bb5 Kg7 25. Ba4 b6 26. Bc6 Rb8 27. Bb5
Bb7 28. Rh1 Bxc3 29. bxc3 Rc8 30. Bd7 Rd8 31. Bb5 Rd6 32. Be2 c6 33. c4 cxd5
34. cxd5 f6 35. gxf6+ Kxf6 36. Rh7 Bc8 37. Rh8 Bd7 38. Rf8+ Ke5 39. Rb8 Ba4 40.
Kd2 Kd4 41. Rf8 g5 42. Rg8 b5 43. Rxg5 c4 44. Rh5 c3+ 45. Kc1 b4 46. Rh2 Be8
47. Bd1 Bb5 48. g5 Rg6 49. Rg2 Be8 50. Bc2 Ke5 51. Rg1 a4 52. Rg2 Rb6 53. g6 b3
54. axb3 axb3 55. Bxb3 Rxb3 56. g7 Bf7 57. g8=Q Bxg8 58. Rxg8 c2 59. Rg5+ Kd6
60. Rg6+ Kd7 61. Rg7+ Ke8 62. d6 Rxf3 63. e5 Re3 64. Rg8+ Kd7 65. Rg7+ Kd8
1/2-1/2

[Event "35. Potsdamer Weihnachtsturnier"]
[Site "?"]
[Date "2010.12.29"]
[Round "5.36"]
[White "Ulrich, Gert"]
[Black "Paul, Fabian"]
[Result "1-0"]
[WhiteElo "1750"]
[BlackElo "1245"]
[PlyCount "97"]
[EventDate "2010.??.??"]
[WhiteTeam "ESV Delitzsch"]
[BlackTeam "SC Zitadelle Spandau 1977 e.V."]

1. d4 Nf6 2. Bg5 d5 3. Bxf6 exf6 4. c3 c5 5. Nf3 Nc6 6. e3 Be7 7. dxc5 Bxc5 8.
Bd3 O-O 9. O-O Ne5 10. Nd4 a6 11. Bc2 Qb6 12. Qc1 Bd7 13. Nd2 Rac8 14. N2b3 Nc4
15. Rb1 a5 16. Nxc5 Qxc5 17. Qd1 a4 18. Qh5 g6 19. Qe2 b5 20. Bd3 Rb8 21. Bxc4
bxc4 22. Rfd1 a3 23. Rd2 Rb7 24. Qf3 f5 25. Nc2 Rxb2 26. Rxb2 axb2 27. Qd1 Ba4
28. Qb1 Bxc2 29. Rxc2 Qa3 30. Qxb2 Qxb2 31. Rxb2 Ra8 32. g3 Kg7 33. h4 h6 34.
f4 g5 35. h5 gxf4 36. exf4 Kf6 37. Kf2 Ke6 38. Ke3 Kd6 39. Kd4 f6 40. Rb6+ Ke7
41. Kxd5 Rxa2 42. Rb7+ Kf8 43. Rh7 Rg2 44. Rxh6 Rxg3 45. Rxf6+ Ke7 46. Rc6 Rxc3
47. Rxc4 Rd3+ 48. Ke5 Rh3 49. Rc7+ 1-0

[Event "35. Potsdamer Weihnachtsturnier"]
[Site "?"]
[Date "2010.12.29"]
[Round "5.37"]
[White "Bielick, Jakob"]
[Black "Faust, Adrian"]
[Result "1-0"]
[WhiteElo "1700"]
[BlackElo "1194"]
[PlyCount "71"]
[EventDate "2010.??.??"]
[WhiteTeam "USV Potsdam e.V., Abt. Schach"]
[BlackTeam "Potsdamer SV Mitte e.V."]

1. e4 e5 2. Nf3 Nf6 3. Nxe5 d6 4. Nf3 Nxe4 5. d4 Bg4 6. Bd3 Nf6 7. O-O Be7 8.
h3 Be6 9. Re1 O-O 10. Qe2 h6 11. Nc3 Nc6 12. a3 a5 13. Ne4 d5 14. Nxf6+ Bxf6
15. c3 Re8 16. Bc2 Ne7 17. g4 Qd7 18. Qd3 Ng6 19. Ne5 Bxe5 20. dxe5 Bxg4 21.
hxg4 Qxg4+ 22. Kf1 Qc4 23. Qxc4 dxc4 24. Bxg6 fxg6 25. Bf4 Re6 26. Rad1 Rae8
27. Rd7 R8e7 28. Red1 Kf7 29. R1d4 b5 30. R7d5 c6 31. Rc5 g5 32. Bh2 Kg6 33.
Rd6 Kf7 34. Rcxc6 Rxd6 35. exd6 Rd7 36. Rb6 1-0

[Event "35. Potsdamer Weihnachtsturnier"]
[Site "?"]
[Date "2010.12.29"]
[Round "5.38"]
[White "Born, Jonathan"]
[Black "Laurin, Dirk"]
[Result "0-1"]
[WhiteElo "918"]
[BlackElo "1678"]
[PlyCount "36"]
[EventDate "2010.??.??"]
[WhiteTeam "SV Königsjäger Süd-West e.V."]
[BlackTeam "SG Narva Berlin e.V."]

1. e4 d5 2. exd5 Qxd5 3. Nc3 Qd8 4. Nf3 Nc6 5. d4 Bg4 6. d5 Ne5 7. Be2 Nxf3+ 8.
Bxf3 Bxf3 9. Qxf3 Nf6 10. O-O e6 11. dxe6 fxe6 12. Qxb7 Bd6 13. Nb5 O-O 14.
Nxa7 Ng4 15. Qe4 Bxh2+ 16. Kh1 Qh4 17. Qxe6+ Kh8 18. Qb3 Bg3+ 0-1

[Event "35. Potsdamer Weihnachtsturnier"]
[Site "?"]
[Date "2010.12.29"]
[Round "5.40"]
[White "Maslov, Maxim"]
[Black "Hunstock, Fabian"]
[Result "1-0"]
[WhiteElo "1790"]
[BlackElo "1123"]
[PlyCount "55"]
[EventDate "2010.??.??"]
[WhiteTeam "TuS Makkabi Berlin e.V."]
[BlackTeam "SC Zitadelle Spandau 1977 e.V."]

1. e4 e5 2. Nf3 Nc6 3. Bb5 d6 4. d4 exd4 5. Nxd4 Bd7 6. O-O Nf6 7. Nc3 a6 8.
Nxc6 Bxc6 9. Bc4 Be7 10. Re1 O-O 11. Bg5 Qd7 12. Qd2 Bb5 13. Bb3 h6 14. Bf4
Rfe8 15. Rad1 Rad8 16. Nd5 Bc6 17. Qd4 b6 18. Bxh6 Bxd5 19. Bxd5 Bf8 20. Bg5
Re5 21. f4 c5 22. Qd3 Rxg5 23. fxg5 Nxd5 24. Qxd5 Qg4 25. Rf1 Rd7 26. Qf5 Qe2
27. Qxd7 Qe3+ 28. Kh1 1-0

[Event "35. Potsdamer Weihnachtsturnier"]
[Site "?"]
[Date "2010.12.29"]
[Round "5.41"]
[White "Calamar, Traian"]
[Black "Schwedek, Tony"]
[Result "0-1"]
[WhiteElo "1864"]
[BlackElo "1456"]
[PlyCount "96"]
[EventDate "2010.??.??"]
[WhiteTeam "ohne Verein"]
[BlackTeam "SC Zitadelle Spandau 1977 e.V."]

1. c4 c5 2. Nc3 Nf6 3. g3 g6 4. Bg2 Bg7 5. e3 O-O 6. Nge2 d6 7. O-O Nc6 8. d4
Rb8 9. h3 a6 10. b3 Bd7 11. Bb2 b5 12. cxb5 axb5 13. d5 Na5 14. Rb1 b4 15. Ne4
Nxe4 16. Bxg7 Nxf2 17. Rxf2 Kxg7 18. Qd2 Qc8 19. Kh2 Kg8 20. Rbf1 c4 21. bxc4
Nxc4 22. Qd4 Ne5 23. Qh4 Qd8 24. Nd4 e6 25. Qh6 Qe7 26. dxe6 Bxe6 27. Nxe6 fxe6
28. Rxf8+ Rxf8 29. Rxf8+ Qxf8 30. Qh4 Nf3+ 31. Bxf3 Qxf3 32. Qd8+ Qf8 33. Qg5
Qf2+ 34. Kh1 Qe1+ 35. Kg2 Qd2+ 36. Kh1 Qd5+ 37. Qxd5 exd5 38. Kg2 Kf7 39. Kf3
Ke6 40. Kf4 h6 41. h4 Kf6 42. g4 g5+ 43. Kg3 Ke5 44. hxg5 hxg5 45. Kf3 d4 46.
Ke2 Ke4 47. exd4 Kxd4 48. Kd2 d5 0-1

[Event "35. Potsdamer Weihnachtsturnier"]
[Site "?"]
[Date "2010.12.29"]
[Round "5.43"]
[White "Friedel, Manuel"]
[Black "Raulin, Kian"]
[Result "1/2-1/2"]
[WhiteElo "1633"]
[BlackElo "1304"]
[PlyCount "125"]
[EventDate "2010.??.??"]
[WhiteTeam "SC Empor Potsdam 1952 e.V."]
[BlackTeam "SC Zitadelle Spandau 1977 e.V."]

1. Nc3 Nf6 2. e4 e5 3. Nf3 Nc6 4. d4 exd4 5. Nxd4 Bb4 6. Nxc6 dxc6 7. Qxd8+
Kxd8 8. f3 h6 9. Be3 Bxc3+ 10. bxc3 b6 11. O-O-O+ Ke7 12. Bf4 Ne8 13. Rd2 Bb7
14. Bc4 Nd6 15. Bb3 a5 16. a3 g5 17. Bg3 Rhd8 18. h4 Rh8 19. Rhd1 Rad8 20. Bf2
f5 21. exf5 Nxf5 22. hxg5 hxg5 23. g4 Rxd2 24. Rxd2 Nd6 25. Re2+ Kd8 26. Bd4
Rf8 27. Be3 Kc8 28. Bxg5 Rxf3 29. Rh2 Ba6 30. Rh8+ Kb7 31. Kb2 Rg3 32. Be6 Bc4
33. Bf4 Rg2 34. Bxd6 Bxe6 35. Rh7 Bxg4 36. Rxc7+ Ka6 37. Rxc6 Kb5 38. Rc7 Bf5
39. Kc1 Bxc2 40. Rc8 Bf5 41. Rc7 Ka4 42. Rc6 b5 43. Rc5 Bg4 44. Rd5 Be6 45. Re5
Bc4 46. Be7 Kb3 47. Re3 Ka2 48. Bc5 Bb3 49. Bd4 Rc2+ 50. Kd1 Rxc3+ 51. Kd2 Rxe3
52. Bxe3 Kxa3 53. Kc1 Bc4 54. Kb1 Kb3 55. Bb6 Kb4 56. Bc7 Ka4 57. Kb2 b4 58.
Bd6 Kb5 59. Be7 Kc6 60. Bf8 Kd5 61. Be7 Ke4 62. Bf8 Kd3 63. Be7 1/2-1/2

[Event "35. Potsdamer Weihnachtsturnier"]
[Site "?"]
[Date "2010.12.29"]
[Round "5.44"]
[White "Paliy, Margaryta"]
[Black "Walter-von Gierke, Frank"]
[Result "0-1"]
[WhiteElo "1027"]
[BlackElo "1600"]
[PlyCount "106"]
[EventDate "2010.??.??"]
[WhiteTeam "USV Potsdam e.V., Abt. Schach"]
[BlackTeam "ohne Verein"]

1. e4 d6 2. Nf3 Nf6 3. Nc3 g6 4. d4 Bg7 5. Be2 a6 6. O-O b5 7. a3 O-O 8. h3 Bb7
9. e5 dxe5 10. dxe5 Nfd7 11. Bf4 e6 12. Re1 c5 13. b4 Qc7 14. bxc5 Qxc5 15. Qd2
Rc8 16. Nd1 Qxc2 17. Qxc2 Rxc2 18. Nd4 Rc8 19. Bf3 Bxf3 20. Nxf3 Rc5 21. Re4
Nc6 22. Be3 Rc4 23. Rxc4 bxc4 24. Rc1 Ncxe5 25. Nxe5 Nxe5 26. Bd4 Rc8 27. Ne3
Nf3+ 28. gxf3 Bxd4 29. Rxc4 Rxc4 30. Nxc4 Kf8 31. Kf1 Ke7 32. Ke2 f6 33. f4 Kd7
34. f3 Kc6 35. Kd3 Kc5 36. a4 Bf2 37. Kc3 Bg3 38. a5 Bxf4 39. Kb3 f5 40. Kc3 e5
41. Kd3 e4+ 42. fxe4 fxe4+ 43. Kxe4 Kxc4 44. Kxf4 Kb5 45. Kg5 Kxa5 46. Kh6 Kb5
47. Kxh7 a5 48. h4 a4 49. Kxg6 a3 50. h5 a2 51. h6 a1=Q 52. h7 Qh8 53. Kh6 Kc6
0-1

[Event "35. Potsdamer Weihnachtsturnier"]
[Site "?"]
[Date "2010.12.29"]
[Round "5.45"]
[White "Wolff, Marie Antoinette"]
[Black "Haar, Reinhard"]
[Result "0-1"]
[WhiteElo "1002"]
[BlackElo "1501"]
[PlyCount "124"]
[EventDate "2010.??.??"]
[WhiteTeam "SG Blau-Weiß 1948 Leegebruch"]
[BlackTeam "SV Rochade Potsdam-West e.V."]

1. e4 g6 2. Nf3 Bg7 3. Bc4 d6 4. Ng5 e6 5. d3 Nf6 6. Nc3 O-O 7. O-O d5 8. Bb3
d4 9. Ne2 e5 10. Nh3 Bxh3 11. gxh3 c5 12. Bd2 Qc8 13. Bg5 Qxh3 14. Bxf6 Bxf6
15. Ng3 Bg7 16. f4 exf4 17. Rxf4 Nd7 18. Qe2 Ne5 19. c3 Qd7 20. Bd5 Rac8 21.
Raf1 Kh8 22. h4 Bh6 23. Rf6 Be3+ 24. Kg2 h5 25. cxd4 cxd4 26. Re1 Qe7 27. Rff1
Qxh4 28. Rh1 Qg4 29. Qxg4 Nxg4 30. Bxb7 Rc2+ 31. Ne2 Rb8 32. Bd5 Rbxb2 33. Kf1
Nf2 34. Rh2 Nxd3 35. Rd1 Nf4 36. Re1 Nxe2 37. Rexe2 Rxe2 38. Rxe2 Rxe2 39. Kxe2
f6 40. Bf7 Kg7 41. Be8 h4 42. Bd7 g5 43. Be6 Kf8 44. a3 Ke7 45. Bc8 a5 46. Bh3
Kd6 47. Kd3 Ke5 48. Bg4 Kf4 49. Bf5 g4 50. a4 g3 51. Bh3 Kf3 52. Kc4 Kxe4 53.
Kb5 Bd2 54. Bg2+ Ke3 55. Kc4 Kf2 56. Bc6 Be3 57. Kb5 g2 58. Bxg2 Kxg2 59. Kxa5
Bd2+ 60. Kb6 h3 61. a5 Bxa5+ 62. Kxa5 d3 0-1

[Event "35. Potsdamer Weihnachtsturnier"]
[Site "?"]
[Date "2010.12.29"]
[Round "5.46"]
[White "Nguyen, Anh Van"]
[Black "Gersdorf, Victoria"]
[Result "1-0"]
[WhiteElo "1414"]
[BlackElo "881"]
[PlyCount "115"]
[EventDate "2010.??.??"]
[WhiteTeam "USV Potsdam e.V., Abt. Schach"]
[BlackTeam "Schachverein Briesen e.V."]

1. d4 d5 2. Nf3 Bf5 3. c4 dxc4 4. Nc3 Nc6 5. e4 Bg4 6. Be3 e5 7. h3 Bh5 8. g4
Bg6 9. d5 Na5 10. Qa4+ c6 11. Nxe5 Nf6 12. f3 Bd6 13. Nxc4 Bc7 14. Nxa5 Bxa5
15. dxc6 bxc6 16. Qxc6+ Nd7 17. Bb5 O-O 18. Qxd7 Qh4+ 19. Bf2 Qf6 20. Qd3 Rad8
21. Qe3 Bb6 22. Qe2 Bd4 23. Bxd4 Rxd4 24. O-O Rfd8 25. Nd5 Qe5 26. Qh2 Qxh2+
27. Kxh2 Rd2+ 28. Kg3 Rb8 29. a4 Rxb2 30. Rab1 Rc2 31. Rfc1 Rxc1 32. Rxc1 h5
33. Ne7+ Kh7 34. Rc7 f5 35. Nxg6 Kxg6 36. exf5+ Kg5 37. Rxg7+ Kh6 38. Rxa7 Rd8
39. Rd7 Rxd7 40. Bxd7 Kg7 41. a5 Kf6 42. a6 Ke7 43. a7 Kxd7 44. a8=Q Ke7 45.
Qg8 Kd7 46. Qf8 Kc6 47. Qe7 Kd5 48. f6 Kc4 49. Qd6 Kc3 50. Qd5 Kb4 51. Qc6 Kb3
52. Qc5 Kb2 53. Qc4 Kb1 54. Qc3 Ka2 55. Qb4 Ka1 56. f7 Ka2 57. f8=R Ka1 58.
Ra8# 1-0

[Event "35. Potsdamer Weihnachtsturnier"]
[Site "?"]
[Date "2010.12.29"]
[Round "5.47"]
[White "Reyher, Bastian"]
[Black "Reyher, Susan"]
[Result "0-1"]
[WhiteElo "717"]
[BlackElo "1392"]
[PlyCount "62"]
[EventDate "2010.??.??"]
[WhiteTeam "SC Empor Potsdam 1952 e.V."]
[BlackTeam "SC Empor Potsdam 1952 e.V."]

1. e4 e5 2. Nf3 Nc6 3. Bc4 Bc5 4. c3 Nf6 5. d4 exd4 6. cxd4 Bb4+ 7. Bd2 Bxd2+
8. Nbxd2 d5 9. Bb3 Bg4 10. O-O Nxd4 11. Ba4+ c6 12. h3 Nxf3+ 13. Nxf3 Bh5 14.
exd5 Nxd5 15. Re1+ Ne7 16. g4 Bg6 17. Qc1 Qd7 18. Rd1 Qe6 19. Nd4 Qe5 20. Bxc6+
bxc6 21. Nxc6 Qf6 22. Nxe7 Kxe7 23. Re1+ Kf8 24. Qc5+ Kg8 25. Re2 h6 26. Rae1
Kh7 27. Qb5 Rhb8 28. Qa4 Qf3 29. Re8 Rxb2 30. Rxa8 Qxf2+ 31. Kh1 Qxe1# 0-1

[Event "35. Potsdamer Weihnachtsturnier"]
[Site "?"]
[Date "2010.12.29"]
[Round "5.49"]
[White "Sandbrand, Alexandru"]
[Black "Motsch, Sebastian"]
[Result "1-0"]
[WhiteElo "1374"]
[BlackElo "973"]
[PlyCount "109"]
[EventDate "2010.??.??"]
[WhiteTeam "SC Weisse Dame e.V."]
[BlackTeam "Ludwigsfelder SC 54"]

1. e4 c6 2. Nf3 d5 3. Nc3 d4 4. Ne2 c5 5. d3 Nc6 6. c3 e5 7. cxd4 cxd4 8. Nd2
Nb4 9. Nc4 Qc7 10. f4 Nc6 11. fxe5 b5 12. Na3 Qxe5 13. Bf4 Qc5 14. Qb3 Rb8 15.
Bxb8 Nxb8 16. Qxb5+ Nc6 17. Rc1 Qb4+ 18. Qxb4 Bxb4+ 19. Kf2 Nge7 20. Nb5 Bd7
21. a3 Bd2 22. Nd6+ Kf8 23. Rc5 g6 24. Nb5 Be3+ 25. Kf3 Bh6 26. Nexd4 Nd8 27.
Rc7 Be8 28. Nxa7 Bg5 29. Nc8 Ng8 30. Nc6 Nxc6 31. Nd6 Ne5+ 32. Ke2 Nf6 33. d4
Neg4 34. Kf3 Nh6 35. e5 Nd5 36. Bb5 Nxc7 37. Bxe8 Nxe8 38. Nxe8 Kxe8 39. b4 Rf8
40. d5 Bd8 41. Rc1 Nf5 42. Rc8 Ne7 43. Ra8 Nxd5 44. Ke4 Nb6 45. Rb8 Nd7 46. Rc8
Ke7 47. a4 Ke6 48. a5 f5+ 49. exf6 Nxf6+ 50. Kd3 Kd7 51. Ra8 Rf7 52. a6 Bb6 53.
a7 Kc6 54. Rc8+ Kb7 55. a8=Q# 1-0

[Event "35. Potsdamer Weihnachtsturnier"]
[Site "?"]
[Date "2010.12.29"]
[Round "5.50"]
[White "Faust, Uwe"]
[Black "Wolff, Joachim Peter"]
[Result "0-1"]
[WhiteElo "832"]
[BlackElo "1116"]
[PlyCount "84"]
[EventDate "2010.??.??"]
[WhiteTeam "Potsdamer SV Mitte e.V."]
[BlackTeam "SG Blau-Weiß 1948 Leegebruch"]

1. d4 d5 2. Bf4 e6 3. e3 Nf6 4. Bd3 Nc6 5. a3 Bd6 6. Qe2 Bxf4 7. exf4 Nxd4 8.
Qd2 O-O 9. c3 Nb3 10. Qc2 Nxa1 11. Qd1 c5 12. Be2 c4 13. Nd2 Nb3 14. Ndf3 Qb6
15. Nh3 h6 16. O-O Nc5 17. Qd4 Nfe4 18. Ne5 Qxb2 19. Re1 Nb3 20. Qe3 Nxc3 21.
Bg4 Ne4 22. Re2 Ned2 23. a4 Qa1+ 24. Re1 Qxa4 25. f5 exf5 26. Bh5 Be6 27. Qg3
Ne4 28. Qf4 Qb4 29. Rf1 Nbd2 30. Be2 Nxf1 31. Bxf1 Qe1 32. Qf3 Nd2 33. Kh1
Qxf1+ 34. Ng1 Nxf3 35. Nexf3 c3 36. h3 c2 37. Nd2 Qxf2 38. Ndf3 c1=Q 39. Kh2
Qc7+ 40. Kh1 d4 41. h4 Bd5 42. h5 Bxf3 0-1

[Event "35. Potsdamer Weihnachtsturnier"]
[Site "?"]
[Date "2010.12.29"]
[Round "5.51"]
[White "Lippianowski, Stefan"]
[Black "Leyrer, Thomas"]
[Result "0-1"]
[WhiteElo "1280"]
[BlackElo "1618"]
[PlyCount "104"]
[EventDate "2010.??.??"]
[WhiteTeam "Treptower SV 1949 e.V."]
[BlackTeam "SV Königsjäger Süd-West e.V."]

1. e4 g6 2. Bc4 Bg7 3. Nf3 d6 4. Ng5 Nh6 5. Nc3 O-O 6. d3 Ng4 7. Qf3 Nf6 8. h3
Nc6 9. Be3 Ne5 10. Qe2 Nxc4 11. dxc4 e5 12. O-O-O Qe7 13. Nd5 Nxd5 14. cxd5 f5
15. Bd2 fxe4 16. Nxe4 Bf5 17. Bg5 Qf7 18. f3 h6 19. Be3 Bxe4 20. fxe4 Qd7 21.
g4 Qa4 22. Kb1 Qxe4 23. Rh2 Qa4 24. g5 h5 25. Bd2 a6 26. Bc3 Qf4 27. h4 Qf3 28.
a3 Qxe2 29. Rxe2 Rf4 30. Rh1 Raf8 31. Ka2 Rf2 32. Rhe1 Rxe2 33. Rxe2 Rf4 34.
Rh2 e4 35. Bd2 Rf5 36. Rh3 Rxd5 37. Re3 Rxd2 38. Rxe4 Rxc2 39. Re8+ Kf7 40. Rd8
Rxb2+ 41. Ka1 Rh2+ 42. Kb1 Rxh4 43. Rd7+ Kg8 44. Rxc7 Rg4 45. Rc8+ Kh7 46. Rd8
Rxg5 47. Rxd6 h4 48. Rd1 h3 49. Rh1 Rh5 50. Kc2 g5 51. Kd2 g4 52. Ke2 g3 0-1

[Event "35. Potsdamer Weihnachtsturnier"]
[Site "?"]
[Date "2010.12.29"]
[Round "5.52"]
[White "Gersdorf, Jonas"]
[Black "Niels, Jonas-Paul"]
[Result "0-1"]
[WhiteElo "876"]
[BlackElo "862"]
[PlyCount "118"]
[EventDate "2010.??.??"]
[WhiteTeam "Schachverein Briesen e.V."]
[BlackTeam "Schachverein Briesen e.V."]

1. e4 e5 2. Nf3 Nc6 3. Bb5 d6 4. Nc3 Nf6 5. O-O g6 6. d4 a6 7. dxe5 axb5 8.
exf6 Na7 9. Qe2 Bd7 10. Nd5 c6 11. Nb4 Qxf6 12. e5 dxe5 13. Nxe5 Bxb4 14. Ng4+
Qe7 15. Ne5 f6 16. c3 Qxe5 17. Qxe5+ fxe5 18. cxb4 O-O 19. Re1 Rae8 20. b3 Re6
21. Bh6 Rfe8 22. Rad1 Bc8 23. Be3 c5 24. Bxc5 b6 25. Bxb6 Rxb6 26. f4 Rbe6 27.
fxe5 Rxe5 28. Rxe5 Rxe5 29. Rd8+ Kg7 30. Kf2 Kf7 31. Kf3 Re8 32. Rd4 Bb7+ 33.
Kg3 h5 34. Rd7+ Re7 35. Rd3 Kg7 36. a4 Rf7 37. axb5 Nxb5 38. Kh3 Kh6 39. g4
Rf3+ 40. Rxf3 Bxf3 41. gxh5 Kxh5 42. Kg3 Bd1 43. h4 Bxb3 44. Kh3 Bc4 45. Kg3
Nd6 46. Kh3 Nf5 47. Kh2 Kxh4 48. Kh1 Ng3+ 49. Kh2 g5 50. Kg2 Ne2 51. Kf2 Kh3
52. Kf3 g4+ 53. Kf2 Kh2 54. Kf1 g3 55. Ke1 g2 56. Kd2 g1=Q 57. Kc2 Qe3 58. Kb2
Qc3+ 59. Kb1 Qc1# 0-1